<?xml version="1.0" encoding="UTF-8"?>
<collection xmlns:xsi="http://www.w3.org/2001/XMLSchema-instance" xsi:schemaLocation="http://www.loc.gov/MARC21/slim http://www.loc.gov/standards/marcxml/schema/MARC21slim.xsd" xmlns="http://www.loc.gov/MARC21/slim">
 <record>
  <leader>00000ctm a22000004i 4500</leader>
  <controlfield tag="001">UP-99796217612829463</controlfield>
  <controlfield tag="003">Buklod</controlfield>
  <controlfield tag="005">20230215105418.0</controlfield>
  <controlfield tag="006">m    |o  d |      </controlfield>
  <controlfield tag="007">ta</controlfield>
  <controlfield tag="008">180817s        xx     d     r    |||| u|</controlfield>
  <datafield tag="035" ind1=" " ind2=" ">
   <subfield code="a">(iLib)UPD-00366414354</subfield>
  </datafield>
  <datafield tag="040" ind1=" " ind2=" ">
   <subfield code="a">DENGII</subfield>
   <subfield code="e">rda</subfield>
  </datafield>
  <datafield tag="041" ind1=" " ind2=" ">
   <subfield code="a">eng</subfield>
  </datafield>
  <datafield tag="042" ind1=" " ind2=" ">
   <subfield code="a">DMLUC</subfield>
  </datafield>
  <datafield tag="090" ind1=" " ind2=" ">
   <subfield code="a">LG 995 2018 E68</subfield>
   <subfield code="b">V47</subfield>
  </datafield>
  <datafield tag="100" ind1="1" ind2=" ">
   <subfield code="a">Verdijo, Michael Angelo O.</subfield>
   <subfield code="e">author.</subfield>
  </datafield>
  <datafield tag="245" ind1="1" ind2="0">
   <subfield code="a">Particle growth from the reduction of gold (III) chloride using sodium metabisulfite and ascorbic acid</subfield>
   <subfield code="c">Michael Angelo O. Verdijo ; Herman D. Mendoza, thesis adviser.</subfield>
  </datafield>
  <datafield tag="264" ind1=" " ind2="0">
   <subfield code="a">Quezon City</subfield>
   <subfield code="b">College of Engineering, University of the Philippines Diliman</subfield>
   <subfield code="c">2018.</subfield>
  </datafield>
  <datafield tag="300" ind1=" " ind2=" ">
   <subfield code="a">xii, 70 leaves</subfield>
   <subfield code="b">color illustrations</subfield>
   <subfield code="c">28 cm</subfield>
  </datafield>
  <datafield tag="336" ind1=" " ind2=" ">
   <subfield code="a">text</subfield>
   <subfield code="2">rdacontent</subfield>
  </datafield>
  <datafield tag="337" ind1=" " ind2=" ">
   <subfield code="a">unmediated</subfield>
   <subfield code="2">rdamedia</subfield>
  </datafield>
  <datafield tag="338" ind1=" " ind2=" ">
   <subfield code="a">volume</subfield>
   <subfield code="2">rdacarrier</subfield>
  </datafield>
  <datafield tag="502" ind1=" " ind2=" ">
   <subfield code="a">Thesis (Master of Science in Metallurgical Engineering)--University of the Philippines Diliman</subfield>
   <subfield code="d">May 2018.</subfield>
  </datafield>
  <datafield tag="506" ind1=" " ind2=" ">
   <subfield code="a">Available to the general public.</subfield>
  </datafield>
  <datafield tag="520" ind1="3" ind2=" ">
   <subfield code="a">The study aims to investigate the growth mechanism of precipitates formed from the reduction of gold (III) chloride complex to gold as a function of sodium metabisulfite (SMBS) and ascorbic acid (H2Asc) concentrations. A gold precursor was first prepared by dissolving 99.9% gold in aqua regia and diluted with 5% HCl to achieve a 100-ppm gold concentration. The precipitation study was conducted in two (2) stages: 1) varying concentration of SMBS (0.0002M, 0.0004M, 0.0006M, 0.0008M and 0.001M) at constant H2Asc concentration (0.1M); and, 2) varying concentration of H2Asc (0.02M, 0.04M, 0.06M, 0.08M, and 0.1M) at constant SMBS concentration (0.0001M). The addition of SMBS is the nucleating stage, and the addition of H2Asc involves the particle growth stage. Results showed that increasing H2Asc concentration increases the rate of formation. On the other hand, increasing the SMBS concentration beyond 0.0006M does not significantly increase the rate of formation, which indicates coalescences of the pre-formed nuclei and resulted in the decrease in the number of reduction sites. For the particle size analyses, increasing the SMBS concentration decreases the size of the particles due to the increase of number of reduction sites. Increasing H2Asc concentration also increases the particle size of gold precipitates. Two (2) values of Avrami constants were computed for each In[-In(1-x)] vs In(t) curve, n=3 which corresponds to a three (3)-dimensional growth, and n=1 which corresponds to a one (1)-dimensional growth of the particles. Therefore, the growth mechanism of gold formation involves two (2) stages, first is a spherical growth, followed by a second stage exhibited by the growth of spike-like particles.</subfield>
  </datafield>
  <datafield tag="650" ind1=" " ind2="0">
   <subfield code="a">Gold</subfield>
   <subfield code="x">Metallurgy.</subfield>
  </datafield>
  <datafield tag="650" ind1=" " ind2="0">
   <subfield code="a">Chlorination.</subfield>
  </datafield>
  <datafield tag="700" ind1="1" ind2=" ">
   <subfield code="a">Mendoza, Herman D.</subfield>
   <subfield code="e">adviser.</subfield>
  </datafield>
  <datafield tag="842" ind1=" " ind2=" ">
   <subfield code="a">Thesis</subfield>
  </datafield>
  <datafield tag="905" ind1=" " ind2=" ">
   <subfield code="a">FI</subfield>
  </datafield>
  <datafield tag="905" ind1=" " ind2=" ">
   <subfield code="a">UP</subfield>
  </datafield>
  <datafield tag="852" ind1="0" ind2=" ">
   <subfield code="a">UPD</subfield>
   <subfield code="b">DENG-II</subfield>
   <subfield code="h">LG 995 2018 E68</subfield>
   <subfield code="i">V47</subfield>
  </datafield>
  <datafield tag="942" ind1=" " ind2=" ">
   <subfield code="a">Thesis</subfield>
  </datafield>
 </record>
</collection>
